000 00362nam a22001577a 4500
005 20160615154435.0
008 160615b xxu||||| |||| 00| 0 eng d
041 _aeng
082 _b7854
100 _aAhuja, B.N. and Chhabra, S.S.
_91989
245 _aPublic Relations
260 _bSurjeet
_c2004
300 _a104
650 _aManagement
_9241
942 _cBK
999 _c2826
_d2825